Reguladores del crecimiento en Lolium perenne /

Guardado en:
Autor Principal: Ducos, Ignacio.
Autor Corporativo: Universidad Nacional del Sur. Departamento de Agronomía.
Otros Autores: Baioni, Sandra, (tutor.)
Formato: Libro
Idioma:Undetermined
Publicado: Bahía Blanca, 2014.
Etiquetas: Agregar Etiqueta
Sin Etiquetas, Sea el primero en etiquetar este registro!
LEADER 00653nam a22001575a 4500
001 EEA.libagro010087
005 20160923085309.0
008 140808s2014####ag############000#0#und#d
100 1 |a Ducos, Ignacio. 
245 1 0 |a Reguladores del crecimiento en Lolium perenne /  |c Ignacio Ducos. 
260 |a Bahía Blanca,  |c 2014. 
300 |a 40 h. :  |b il., fot. col. ;  |c 30 cm. 
500 |a Trabajo de intensificación (Ingeniero Agrónomo) -- Universidad Nacional del Sur. Departamento de Agronomía, 2014. 
700 1 |a Baioni, Sandra,  |e tutor. 
710 2 |a Universidad Nacional del Sur.  |b Departamento de Agronomía. 
859 |a AR-BbBCA  |b BIB. AGRONOMIA  |h 633.208  |i D841  |p 2014/6415